Countries in the Caspian Drainage Basin - Statistics

General Stats
  • This quiz has been taken 26 times
  • The average score is 9 of 9
Answer Stats
Country % Correct
Armenia
100%
Georgia
100%
Kazakhstan
100%
Russia
100%
Turkmenistan
100%
Uzbekistan
100%
Azerbaijan
96%
Iran
96%
Turkey
92%
No matching quizzes found
Score Distribution
Percent of People with Each Score
Percentile by Number Answered
Your Score History
You have not taken this quiz